<?xml version="1.0" encoding="UTF-8"?>
<record
    xmlns:xsi="http://www.w3.org/2001/XMLSchema-instance"
    xsi:schemaLocation="http://www.loc.gov/MARC21/slim http://www.loc.gov/standards/marcxml/schema/MARC21slim.xsd"
    xmlns="http://www.loc.gov/MARC21/slim">

  <leader>02245cam a22003492 b4500</leader>
  <controlfield tag="001">8681063</controlfield>
  <controlfield tag="003">USPCAS-E</controlfield>
  <controlfield tag="005">20180118181422.0</controlfield>
  <controlfield tag="006">m        d        </controlfield>
  <controlfield tag="007">cr  n         </controlfield>
  <controlfield tag="008">100401e20100813moua    s|||||||| 2|eng|d</controlfield>
  <datafield tag="020" ind1=" " ind2=" ">
    <subfield code="a">9780444535603</subfield>
  </datafield>
  <datafield tag="020" ind1=" " ind2=" ">
    <subfield code="a">0444535608 </subfield>
    <subfield code="c">USD 165.00 Retail Price (Publisher)</subfield>
  </datafield>
  <datafield tag="024" ind1="3" ind2=" ">
    <subfield code="a">9780444535603</subfield>
  </datafield>
  <datafield tag="035" ind1=" " ind2=" ">
    <subfield code="a">(WaSeSS)ssj0000466918</subfield>
  </datafield>
  <datafield tag="037" ind1=" " ind2=" ">
    <subfield code="b">00991439</subfield>
  </datafield>
  <datafield tag="040" ind1=" " ind2=" ">
    <subfield code="a">BIP US</subfield>
    <subfield code="d">WaSeSS</subfield>
    <subfield code="c">.</subfield>
  </datafield>
  <datafield tag="050" ind1=" " ind2="4">
    <subfield code="a">TK2931</subfield>
  </datafield>
  <datafield tag="082" ind1="0" ind2="0">
    <subfield code="a">621.312429015118</subfield>
    <subfield code="2">22</subfield>
    <subfield code="b">KUL-A 2010</subfield>
  </datafield>
  <datafield tag="100" ind1="1" ind2=" ">
    <subfield code="a">Kulikovsky, Andrei</subfield>
    <subfield code="e">Author</subfield>
  </datafield>
  <datafield tag="210" ind1="1" ind2="0">
    <subfield code="a">Analytical Modelling of Fuel Cells</subfield>
  </datafield>
  <datafield tag="245" ind1="1" ind2="0">
    <subfield code="a">Analytical Modelling of Fuel Cells</subfield>
  </datafield>
  <datafield tag="260" ind1=" " ind2=" ">
    <subfield code="a">San Diego : </subfield>
    <subfield code="b">Elsevier Science &amp; Technology Books</subfield>
    <subfield code="c">Aug. 2010</subfield>
  </datafield>
  <datafield tag="502" ind1=" " ind2=" ">
    <subfield code="a">.</subfield>
  </datafield>
  <datafield tag="506" ind1=" " ind2=" ">
    <subfield code="a">License restrictions may limit access.</subfield>
  </datafield>
  <datafield tag="520" ind1="8" ind2=" ">
    <subfield code="a">Annotation</subfield>
    <subfield code="b">In fuel cell research,&#xA0;the gap between fundamental electrochemical processes and the engineering of fuel cell systems is bridged by the physical modelling of fuel cells. This relatively new discipline aims to understand the basic transport and kinetic phenomena in a real cell and stack environment, paving the way for improved design and performance. The author&#xA0;brings his unique approach to the&#xA0;analytical modeling of fuel cells to this essential reference for energy technologists.Covers recent advances and analytical solutions to a range of problems faced by energy technologists, from catalyst layer performance to thermal stabilityProvides detailed graphs, charts and other tools (glossary, index) to maximize R&amp;D output while minimizing costs and time spent on dead-end researchPresents Kulikovsky's signature approach (and the data to support it)-which uses "simplified" models based on idealized systems, basic geometries, and minimal assumptions-enabling qualitative understanding of the causes and effects of phenomena</subfield>
  </datafield>
  <datafield tag="521" ind1=" " ind2=" ">
    <subfield code="a">Scholarly &amp; Professional</subfield>
    <subfield code="b">Elsevier Science &amp; Technology Books</subfield>
  </datafield>
  <datafield tag="773" ind1=" " ind2="0">
    <subfield code="t">eBook - Chemical Engineering 2010 [EBCCE10]</subfield>
  </datafield>
  <datafield tag="856" ind1="4" ind2="0">
    <subfield code="u">http://www.columbia.edu/cgi-bin/cul/resolve?clio8681063</subfield>
    <subfield code="z">Full text available from eBook - Chemical Engineering 2010 [EBCCE10]</subfield>
  </datafield>
  <datafield tag="910" ind1=" " ind2=" ">
    <subfield code="a">Bowker Global Books in Print record</subfield>
  </datafield>
  <datafield tag="942" ind1=" " ind2=" ">
    <subfield code="2">ddc</subfield>
    <subfield code="c">BK</subfield>
  </datafield>
  <datafield tag="999" ind1=" " ind2=" ">
    <subfield code="c">356076</subfield>
    <subfield code="d">356076</subfield>
  </datafield>
  <datafield tag="952" ind1=" " ind2=" ">
    <subfield code="0">0</subfield>
    <subfield code="1">0</subfield>
    <subfield code="2">ddc</subfield>
    <subfield code="4">0</subfield>
    <subfield code="7">0</subfield>
    <subfield code="8">NFIC</subfield>
    <subfield code="a">CAS-E</subfield>
    <subfield code="b">CAS-E</subfield>
    <subfield code="c">DISPLAY</subfield>
    <subfield code="d">2016-02-10</subfield>
    <subfield code="e">Golden books</subfield>
    <subfield code="g">18073.00</subfield>
    <subfield code="l">0</subfield>
    <subfield code="o">621.312429015118 KUL-A 2010</subfield>
    <subfield code="p">CAS-E0001411</subfield>
    <subfield code="r">2016-02-10</subfield>
    <subfield code="w">2016-02-10</subfield>
    <subfield code="y">BK</subfield>
  </datafield>
  <datafield tag="952" ind1=" " ind2=" ">
    <subfield code="0">0</subfield>
    <subfield code="1">0</subfield>
    <subfield code="2">ddc</subfield>
    <subfield code="4">0</subfield>
    <subfield code="7">0</subfield>
    <subfield code="8">NFIC</subfield>
    <subfield code="a">CAS-E</subfield>
    <subfield code="b">CAS-E</subfield>
    <subfield code="c">DISPLAY</subfield>
    <subfield code="d">2016-02-10</subfield>
    <subfield code="e">Golden books</subfield>
    <subfield code="g">18073.00</subfield>
    <subfield code="l">0</subfield>
    <subfield code="o">621.312429015118 KUL-A 2010</subfield>
    <subfield code="p">CAS-E0001412</subfield>
    <subfield code="r">2016-02-10</subfield>
    <subfield code="t">C-2</subfield>
    <subfield code="w">2016-02-10</subfield>
    <subfield code="y">BK</subfield>
  </datafield>
</record>
